| 000 | 01668nam a2200385Ia 4500 | ||
|---|---|---|---|
| 001 | ebr10294865 | ||
| 003 | CaPaEBR | ||
| 006 | m u | ||
| 007 | cr cn||||||||| | ||
| 008 | 081107s2009 nyua sb 001 0deng d | ||
| 010 | _z 2008047904 | ||
| 020 | _z9780814752340 (cl : alk. paper) | ||
| 020 | _z0814752349 (cl : alk. paper) | ||
| 020 | _z9780814752357 (pb : alk. paper) | ||
| 020 | _z0814752357 (pb : alk. paper) | ||
| 040 |
_aCaPaEBR _cCaPaEBR |
||
| 035 | _a(OCoLC)647759746 | ||
| 050 | 1 | 4 |
_aBR1642.U5 _bL44 2009eb |
| 100 | 1 | _aLee, Shayne. | |
| 245 | 1 | 0 |
_aHoly mavericks _h[electronic resource] : _bevangelical innovators and the spiritual marketplace / _cShayne Lee and Phillip Luke Sinitiere. |
| 260 |
_aNew York : _bNew York University Press, _cc2009. |
||
| 300 |
_aviii, 199 p. : _bill. |
||
| 504 | _aIncludes bibliographical references (p. 177-192) and index. | ||
| 533 |
_aElectronic reproduction. _bPalo Alto, Calif. : _cebrary, _d2009. _nAvailable via World Wide Web. _nAccess may be limited to ebrary affiliated libraries. |
||
| 650 | 0 |
_aEvangelicalism _zUnited States _xHistory. |
|
| 650 | 0 |
_aProtestant churches _zUnited States _xClergy _xHistory. |
|
| 650 | 0 |
_aChurch marketing _zUnited States _xHistory. |
|
| 650 | 0 |
_aPopular culture _xReligious aspects _xProtestant churches _xHistory. |
|
| 650 | 0 |
_aPopular culture _zUnited States _xHistory. |
|
| 651 | 0 |
_aUnited States _xChurch history. |
|
| 655 | 7 |
_aElectronic books. _2local |
|
| 700 | 1 | _aSinitiere, Phillip Luke. | |
| 710 | 2 | _aebrary, Inc. | |
| 856 | 4 | 0 |
_uhttp://site.ebrary.com/lib/rucke/Doc?id=10294865 _zAn electronic book accessible through the World Wide Web; click to view |
| 999 |
_c76643 _d76643 |
||